Responses for Show #8233 - Wednesday, June 10, 2020

Zach Newkirk game 2.

Contestants

[<< previous game]

Joanna Pratt, a library programming associate from Ravenna, Ohio

Steve DeWitt, a middle school teacher from Burtonsville, Maryland

Zach Newkirk, an attorney from Alexandria, Virginia (whose 1-day cash winnings total $17,801)

[next game >>]

Jeopardy! Round responses

CIVIL WAR NICKNAMES
NAME THE SEASON
HOME IMPROVEMENT ON TV
EMMA-NATION
FOOD OF THE GODS
TAKING A "SELF-D"
    $200 1
Spades

Zach
    $200 4
spring

Steve
    $200 11
Brothers

Steve
    $200 25
(Alex: Less than a minute now.)

Emma Watson

Steve
    $200 9
cacao (chocolate)

Zach
    $200 7
self-destruct

Zach
    $400 2
cannons

Zach
    $400 17
(Alex: November 1st.)

autumn

Steve
    $400 18
Bones

Zach
    $400 27
(Steve: What is Israel?)
(Joanna: What is Great Britain?)
(Zach: What's Germany?)

the Soviet Union

ZachSteveJoanna
Triple Stumper
    $400 10
apples

Joanna
    $400 8
self-defense

Zach
    $600 3
("Jeb") Stuart

Joanna
    $600 20
(Joanna: What is spring?)
...
(Alex: Yes, January 1st.)

winter

ZachJoanna
    $600 19
This Old House

Joanna
    $600 28
(Alex: The show was called [*] and her character's name was Emma Peel.)

The Avengers

Triple Stumper
    $600 15
(Alex: We're all gonna start eating lettuce from now on.)

an aphrodisiac

Zach
    $600 12
self-denial

Steve
    $800 5
Ghost

Steve
    $800 21
summer

Joanna
    $800 23
Marie Kondo

Triple Stumper
    $800 29
[The end-of-round signal sounds.]

Elizabeth Cady Stanton

Zach
    $800 16
mead

Joanna
    $800 13
self-deprecating

Steve
    $1,000 6
William Tecumseh Sherman

Steve
    $1000 22
(Joanna: What is spring?)
...
(Alex: Yes, late February.)

winter

ZachJoanna
    $1000 24
Rehab Addict

Triple Stumper
    $1000 26
(Joanna: What is honey?)

ambrosia

SteveJoanna
    $1000 14
self-dealing

Zach

Scores at the first commercial break (after clue 15):

Zach Steve Joanna
$3,000 $3,600 $1,000

Scores at the end of the Jeopardy! Round:

Zach Steve Joanna
$5,400 $4,800 $200

Double Jeopardy! Round responses

CATHOLIC NATIONS
LITERARY TITLE BEVERAGES
MILITARY IDIOMS
3 NAMES IN CLASSIC ROCK
EARTH, WIND & FIRE
BLOOD, SWEAT & CHEERS
    $400 6
Brazil

Zach
    $400 1
tea

Steve
    $400 11
boots

Zach
    $400 2
Ring of Fire

Joanna
    $400 19
the Mayo Clinic

Joanna
    $800 7
Ireland

Triple Stumper
    $800 3
Jack Daniels

Steve
    $800 12
flak

Joanna
    $800 4
(Steve: Where is Haiti?)

Puerto Rico

SteveJoanna
    $800 20
the bench press

Steve
    $1200 8
the Philippines

Zach
    $1200 5
Mexico

Zach
    $1200 13
six

Steve
    $1200 27
[The end-of-round signal sounds.]

Rush

Joanna
    $1200 14
(Joanna: What are the Black Hills?)

the Badlands

ZachJoanna
    $1600 9
the Democratic Republic of Congo

Zach
    $1600 17
Chelsea Handler

Joanna
    $2,000 15
a nuclear option

Zach
    $1600 26
"Got To Get You Into My Life"

Triple Stumper
    $1600 23
Wellington

Zach
    $1600 22
(Alex: Less than a minute now.)

a burpee

Zach
    $3,000 10
Poland

Zach
    $2000 18
[Steve did not include the leading article.]

The Cider House Rules

Steve
    $2000 16
(true) colors

Zach
    $2000 25
a spinning wheel

Joanna
    $2000 24
spontaneous combustion

Joanna
    $2000 21
plyometrics

Steve

Scores at the end of the Double Jeopardy! Round:

Zach Steve Joanna
$21,600 $11,200 $8,200

[wagering suggestions for these scores]

Final Jeopardy! Round responses

NOTABLE BRITISH NAMES
JoannaWho is Charles Darwin
$8,200
SteveWho is Alexander Fleming?
$10,401
ZachWho is Darwin?
$5,199
Charles Darwin

Final scores:

Zach Steve Joanna
$26,799 $799 $16,400
2-day champion: $44,600 3rd place: $1,000 2nd place: $2,000

Game dynamics:

Coryat scores:

Zach Steve Joanna
$20,200 $11,200 $8,200
22 R
(including 2 DDs),
1 W
15 R
(including 1 DD),
2 W
13 R,
5 W

Combined Coryat: $39,600

[game clues] [game scores] [suggest correction]

Game tape date: 2020-03-11
The J! Archive is created by fans, for fans. Scraping, republication, monetization, and malicious use prohibited; this site may use cookies and collect identifying information. See terms. The Jeopardy! game show and all elements thereof, including but not limited to copyright and trademark thereto, are the property of Jeopardy Productions, Inc. and are protected under law. This website is not affiliated with, sponsored by, or operated by Jeopardy Productions, Inc. Join the discussion at JBoard.tv.